| 000 | 00438nam a2200157 4500 | ||
|---|---|---|---|
| 001 | 109295 | ||
| 003 | ES-MaACL | ||
| 005 | 20230906184821.0 | ||
| 007 | t| | ||
| 008 | 061121s1967 sp r ||||1| spa d | ||
| 100 | 1 |
_aOlives, Guillermo de. _986876 |
|
| 245 | 1 | 3 |
_aLa zulla / _cGuillermo de Olives. |
| 260 |
_aMadrid : _bCapacitación Agraria, _c1967. |
||
| 300 |
_a47 p. 2 lám. col ; _c24 cm. |
||
| 852 |
_aES-MaACL _j2062-F-14 _bR.64940 |
||
| 999 |
_c109295 _d109295 |
||